空中写真クイズ 〜日本の空港〜 - Statistics

General Stats
  • This quiz has been taken 853 times
  • The average score is 16 of 27
Answer Stats
Picture Answer % Correct
東京国際(羽田)空港
98%
関西国際空港
95%
中部国際空港(セントレア)
90%
大阪国際(伊丹)空港
88%
新千歳空港
82%
成田空港
80%
福岡空港
80%
那覇空港
80%
神戸空港
76%
仙台空港
63%
北九州空港
63%
{調布}飛行場
59%
長崎空港
58%
宮崎空港
53%
鳥取空港
51%
石垣空港
49%
松山空港
48%
大分空港
43%
新潟空港
42%
小松空港
38%
高知空港
38%
富山空港
38%
山口宇部空港
35%
札幌丘珠空港
34%
静岡空港
33%
鹿児島空港
32%
出雲空港
28%
No matching quizzes found
Score Distribution
Percent of People with Each Score
Percentile by Number Answered
Your Score History
You have not taken this quiz